[Event "POL-chT 2nd League South"]
[Site "Wisla"]
[Date "1998.??.??"]
[Round "?"]
[White "Puchala, Jozef"]
[Black "Kardys, Zbigniew"]
[Result "1-0"]
[WhiteElo "2305"]
[BlackElo "2180"]
[PlyCount "63"]
[EventDate "1998.11.20"]
[EventType "team-swiss"]
[EventRounds "10"]
[EventCountry "POL"]
[SourceTitle "EXT 2000"]
[Source "ChessBase"]
[SourceDate "1999.11.16"]
[SourceVersion "1"]
[SourceVersionDate "1999.11.16"]
[SourceQuality "1"]

1. d4 Nf6 2. c4 g6 3. Nc3 d5 4. Bf4 Bg7 5. e3 0-0 6. Nf3 c6 7. Be2 dxc4 8. Bxc4 Nd5 9. Bxd5 cxd5 10. Qb3 e6 11. 0-0 a6 12. Rfc1 b5 13. a4 bxa4 14. Nxa4 Nd7 15. Bd6 Re8 16. Ne5 Nxe5 17. dxe5 Bd7 18. Qb7 Bxa4 19. Rxa4 a5 20. Rf4 f5 21. Rc7 Qxc7 22. Bxc7 Rac8 23. g3 Bf8 24. Ra4 Bb4 25. Bxa5 Rb8 26. Rxb4 Rxb7 27. Rxb7 Ra8 28. Bb4 Ra6 29. Be7 Ra1+ 30. Kg2 Rb1 31. Bf6 Kf8 32. b4 1-0

[Event "POL-chT 2nd League South"]
[Site "Wisla"]
[Date "1998.??.??"]
[Round "?"]
[White "Puchala, Jozef"]
[Black "Nowak, Rafal"]
[Result "0-1"]
[WhiteElo "2305"]
[BlackElo "2105"]
[PlyCount "110"]
[EventDate "1998.11.20"]
[EventType "team-swiss"]
[EventRounds "10"]
[EventCountry "POL"]
[SourceTitle "EXT 2000"]
[Source "ChessBase"]
[SourceDate "1999.11.16"]
[SourceVersion "1"]
[SourceVersionDate "1999.11.16"]
[SourceQuality "1"]

1. c4 b6 2. Nc3 Bb7 3. d4 Nf6 4. Qd3 d5 5. cxd5 Nxd5 6. e4 Nb4 7. Qb5+ N8c6 8. Qa4 Qxd4 9. Nf3 Nd3+ 10. Bxd3 Qxd3 11. Bf4 0-0-0 12. Rd1 Qa6 13. Rxd8+ Nxd8 14. Qb3 f6 15. Kd2 e5 16. Be3 Qa5 17. Kc1 Bc5 18. Re1 Re8 19. Bxc5 Qxc5 20. Re2 Ne6 21. Qa4 Rd8 22. Qxa7 Nd4 23. Re3 Nxf3 24. gxf3 Qd4 25. a4 Qd2+ 26. Kb1 Qxf2 27. Re2 Qxf3 28. Rc2 Rd1+ 29. Ka2 Qd3 30. Nxd1 Qxc2 31. Nc3 Qd3 32. a5 Qc4+ 33. Ka1 Qb4 34. axb6 cxb6 35. Qa2 Qa5 36. Qa3 Qxa3+ 37. bxa3 Kc7 38. Kb2 Kd6 39. Kc2 Kc5 40. Kd3 Bc6 41. Nd1 g5 42. Ne3 h5 43. Nf5 Bb5+ 44. Kc3 Be8 45. Kd3 Bf7 46. Ne3 Be6 47. Kc3 h4 48. Ng2 Kb5 49. Ne3 Ka4 50. Kd3 b5 51. Nd5 Bxd5 52. exd5 Ka5 53. Ke4 Kb6 54. Kf5 e4 55. d6 e3 0-1

[Event "POL-chT 2nd League South"]
[Site "Wisla"]
[Date "1998.??.??"]
[Round "?"]
[White "Puchala, Jozef"]
[Black "Zowada, Kazimierz"]
[Result "1-0"]
[WhiteElo "2305"]
[BlackElo "2230"]
[PlyCount "60"]
[EventDate "1998.11.20"]
[EventType "team-swiss"]
[EventRounds "10"]
[EventCountry "POL"]
[SourceTitle "EXT 2000"]
[Source "ChessBase"]
[SourceDate "1999.11.16"]
[SourceVersion "1"]
[SourceVersionDate "1999.11.16"]
[SourceQuality "1"]

1. d4 d6 2. f4 g6 3. Nf3 Nf6 4. e3 Bg7 5. c3 0-0 6. Be2 Nbd7 7. 0-0 Qe8 8. Nbd2 e5 9. fxe5 dxe5 10. Nc4 Ng4 11. h3 Nh6 12. Ncxe5 Nxe5 13. Nxe5 Nf5 14. Ng4 h5 15. e4 Qxe4 16. Bd3 Qe7 17. Bxf5 Bxf5 18. Nh6+ Bxh6 19. Bxh6 Rfe8 20. Rxf5 gxf5 21. Qxh5 Qe6 22. Bf4 Qg6 23. Qf3 c6 24. Rf1 Re4 25. Qd3 Kh7 26. Rf2 Rae8 27. Bd2 Qh5 28. Kh2 R8e6 29. c4 Rd6 30. Bc3 Kg6 1-0

[Event "POL-chT 2nd League South"]
[Site "Wisla"]
[Date "1998.??.??"]
[Round "?"]
[White "Sukiennik, Marek"]
[Black "Puchala, Jozef"]
[Result "1/2-1/2"]
[WhiteElo "2085"]
[BlackElo "2305"]
[PlyCount "48"]
[EventDate "1998.11.20"]
[EventType "team-swiss"]
[EventRounds "10"]
[EventCountry "POL"]
[SourceTitle "EXT 2000"]
[Source "ChessBase"]
[SourceDate "1999.11.16"]
[SourceVersion "1"]
[SourceVersionDate "1999.11.16"]
[SourceQuality "1"]

1. e4 c5 2. Nf3 e6 3. d4 cxd4 4. Nxd4 Nf6 5. Nc3 d6 6. Be3 Be7 7. Qd2 Ng4 8. 0-0-0 Nxe3 9. Qxe3 a6 10. Kb1 Nc6 11. f4 Qb6 12. Qg3 0-0 13. Nf3 Bd7 14. e5 d5 15. f5 f6 16. fxe6 Bxe6 17. Nxd5 Bxd5 18. Rxd5 Ba3 19. b3 Na5 20. Rd7 Rf7 21. Rxf7 Kxf7 22. exf6 Qxf6 23. Qe5 Qxe5 24. Nxe5+ Kf6 1/2-1/2

[Event "Polanica Zdroj op"]
[Site "Polanica Zdroj"]
[Date "1994.??.??"]
[Round "?"]
[White "Mochalov, Evgeny Veniaminovic"]
[Black "Puchala, Jozef"]
[Result "1/2-1/2"]
[WhiteElo "2450"]
[BlackElo "2300"]
[PlyCount "46"]
[EventDate "1994.??.??"]
[EventType "swiss"]
[EventRounds "10"]
[EventCountry "POL"]
[SourceTitle "EXT 1998"]
[Source "ChessBase"]
[SourceDate "1997.11.17"]
[SourceVersion "1"]
[SourceVersionDate "1997.11.17"]
[SourceQuality "1"]

1. d4 d5 2. c4 e6 3. Nf3 c6 4. Qc2 Nf6 5. g3 dxc4 6. Qxc4 b5 7. Qc2 Bb7 8. Bg2 Nbd7 9. Nc3 c5 10. 0-0 Qb6 11. dxc5 Bxc5 12. Bf4 0-0 13. Rad1 Rac8 14. Qd3 a6 15. Ng5 Bxg2 16. Kxg2 Rfd8 17. Qf3 Be7 18. Nge4 Nxe4 19. Nxe4 Nf6 20. Be3 Qb8 21. Bf4 Qb6 22. Be3 Qb8 23. Bf4 Qb6 1/2-1/2

[Event "IBCA-ol blind 08th prel-C"]
[Site "Zalaegerszeg"]
[Date "1988.04.21"]
[Round "4.2"]
[White "Vidinha, A."]
[Black "Puchala, Jozef"]
[Result "0-1"]
[WhiteElo "1750"]
[BlackElo "2255"]
[PlyCount "66"]
[EventDate "1988.04.18"]
[EventType "team-tourn"]
[EventRounds "5"]
[EventCountry "HUN"]
[SourceTitle "EXT 2008"]
[Source "ChessBase"]
[SourceDate "2007.11.25"]
[SourceVersion "1"]
[SourceVersionDate "2007.11.25"]
[SourceQuality "1"]
[WhiteTeam "Portugal"]
[BlackTeam "Poland"]
[WhiteTeamCountry "POR"]
[BlackTeamCountry "POL"]

1. e4 c5 2. Nf3 d6 3. d4 cxd4 4. Nxd4 Nf6 5. Nc3 a6 6. Bc4 e6 7. 0-0 b5 8. Bd3 Bb7 9. Be3 Nbd7 10. f4 b4 11. Nce2 Bxe4 12. Bxe4 Nxe4 13. Nc6 Qc7 14. Nxb4 Ndf6 15. c3 d5 16. Qa4+ Qd7 17. Qxd7+ Kxd7 18. Nd3 Ng4 19. Ne5+ Nxe5 20. fxe5 f6 21. exf6 gxf6 22. Nd4 Bd6 23. Nf3 Rab8 24. Rab1 Rhc8 25. Nd2 Bc5 26. Nxe4 Bxe3+ 27. Kh1 dxe4 28. Rxf6 Rxc3 29. Rd1+ Ke7 30. Rxe6+ Kxe6 31. bxc3 Bd2 32. Kg1 e3 33. Kf1 Rf8+ 0-1